000 00455nam a2200181Ia 4500
001 1165
005 20260306140611.0
008 260306t2002||||xx |||||||||||||| ||spa||
041 _aESP
082 _a185
_bT69A
100 _aTomás de Aquino, Santo
_eAUT
245 0 _aComentarios de los análiticos posteriores de Aristóteles
260 _c2002
300 _a305 páginas :
_c24 cm.
650 _aGEN
654 _aCHU
942 _cLIB
_dJUS
_fJUS
_2ddc
_n
999 _c1165
_d1165